000 00809nam a2200169 a 4500
008 151214s2006 ||||||||||||||||| || u
020 _a8180617637
050 _aRC 46 Cha
100 _aChandra, Sharad
245 1 0 _aQuick review of PGMEE for various post graduate medical entrance examinations volume 2: (including medicine, pediatrics, dermatology and venereal diseases, radiology, psychiatry) (4th ed.)
_cBy Sharad Chandra
250 _a4th ed.
260 _aNew Delhi
_bJaypee Brothers Medical publishers
_c2006
300 _a687p.: ill.
350 _a98.00
650 _aINTERNAL MEDICINE--EXAMINATIONS, QUESTIONS, ETC
995 _aMEDICAL LIBRARY OPEN ACCESS
_e903217
_FCBU-SCHOOL OF MEDICINE LIBRARY (Ndola)
_I98.00
_jRC 46 Cha
_M1
_UAVAILABLE
_WDec 16, 2015
_y903217
_ZMedical Library Open Access Collection
999 _c32565
_d32565